[Event "Irena Warakomska Memorial 2019"]
[Site "Suwalki"]
[Date "2019.08.05"]
[Round "1"]
[White "Korbal, Arkadiusz"]
[Black "Tihonov, Jurij"]
[Result "0-1"]
[Board "30"]
[WhiteElo "2168"]
[WhiteCountry "POL"]
[WhiteFideId "1133837"]
[WhiteEloChange "-4"]
[BlackElo "2393"]
[BlackTitle "GM"]
[BlackCountry "BLR"]
[BlackFideId "13500325"]
[BlackEloChange "4"]

1. d4 {[%clk 1:30:53]} d6 {[%clk 1:30:44]} 2. g3 {[%clk 1:29:48]} g6 {[%clk
1:30:49]} 3. Bg2 {[%clk 1:30:09]} Bg7 {[%clk 1:31:07]} 4. e4 {[%clk 1:27:15]} Nf6
{[%clk 1:30:20]} 5. Ne2 {[%clk 1:27:12]} O-O {[%clk 1:30:19]} 6. O-O {[%clk
1:27:31]} e5 {[%clk 1:26:24]} 7. Nbc3 {[%clk 1:22:23]} c6 {[%clk 1:25:29]} 8. h3
{[%clk 1:16:38]} b5 {[%clk 1:25:14]} 9. Be3 {[%clk 1:15:23]} exd4 {[%clk
1:08:17]} 10. Nxd4 {[%clk 1:13:30]} b4 {[%clk 1:08:26]} 11. Nce2 {[%clk 1:13:26]}
Re8 {[%clk 1:05:35]} 12. e5 {[%clk 0:58:55]} dxe5 {[%clk 1:03:15]} 13. Nxc6
{[%clk 0:58:13]} Nxc6 {[%clk 1:03:31]} 14. Bxc6 {[%clk 0:57:03]} Bxh3 {[%clk
1:03:36]} 15. Qxd8 {[%clk 0:53:12]} Rexd8 {[%clk 1:03:01]} 16. Rfd1 {[%clk
0:52:55]} Rac8 {[%clk 0:58:22]} 17. Bb7 {[%clk 0:49:07]} Rb8 {[%clk 0:57:00]} 18.
Ba6 {[%clk 0:39:33]} h5 {[%clk 0:51:00]} 19. Bc4 {[%clk 0:33:48]} a5 {[%clk
0:47:48]} 20. f3 {[%clk 0:26:18]} a4 {[%clk 0:38:26]} 21. b3 {[%clk 0:20:46]} e4
{[%clk 0:33:33]} 22. Nd4 {[%clk 0:12:20]} exf3 {[%clk 0:32:44]} 23. Nc6 {[%clk
0:12:17]} Re8 {[%clk 0:25:04]} 24. Bd4 {[%clk 0:09:04]} Rbc8 {[%clk 0:24:01]} 25.
Nxb4 {[%clk 0:08:08]} Ng4 {[%clk 0:21:51]} 26. Bxg7 {[%clk 0:06:39]} Rxc4 {[%clk
0:19:46]} 27. bxc4 {[%clk 0:06:20]} Re2 {[%clk 0:19:16]} 28. Bd4 {[%clk 0:05:28]}
Rg2+ {[%clk 0:19:35]} 29. Kh1 {[%clk 0:05:40]} Rh2+ {[%clk 0:19:55]} 30. Kg1
{[%clk 0:06:04]} Bg2 {[%clk 0:20:12]} 0-1

[Event "Irena Warakomska Memorial 2019"]
[Site "Suwalki"]
[Date "2019.08.05"]
[Round "1"]
[White "Kaczmarek, Aleksander"]
[Black "Leskiewicz, Ignacy"]
[Result "1-0"]
[Board "31"]
[WhiteElo "2389"]
[WhiteTitle "FM"]
[WhiteCountry "POL"]
[WhiteFideId "1178385"]
[WhiteEloChange "4"]
[BlackElo "2146"]
[BlackCountry "POL"]
[BlackFideId "1185870"]
[BlackEloChange "-4"]

1. e4 {[%clk 1:30:53]} c5 {[%clk 1:30:56]} 2. Nf3 {[%clk 1:30:29]} d6 {[%clk
1:31:25]} 3. d4 {[%clk 1:30:52]} cxd4 {[%clk 1:31:52]} 4. Nxd4 {[%clk 1:31:16]}
Nf6 {[%clk 1:32:15]} 5. Nc3 {[%clk 1:31:41]} a6 {[%clk 1:32:36]} 6. Nb3 {[%clk
1:32:06]} g6 {[%clk 1:32:41]} 7. Be2 {[%clk 1:32:25]} Bg7 {[%clk 1:33:04]} 8. g4
{[%clk 1:32:49]} Nc6 {[%clk 1:33:29]} 9. g5 {[%clk 1:32:15]} Nh5 {[%clk 1:33:22]}
10. Be3 {[%clk 1:27:02]} a5 {[%clk 1:02:03]} 11. Nd5 {[%clk 1:13:59]} O-O {[%clk
0:55:46]} 12. c3 {[%clk 1:10:58]} Bh3 {[%clk 0:43:14]} 13. Nd2 {[%clk 1:04:44]}
e6 {[%clk 0:23:27]} 14. Nb6 {[%clk 1:00:32]} Nf4 {[%clk 0:23:55]} 15. Bxf4 {[%clk
1:00:40]} Qxb6 {[%clk 0:24:24]} 16. Nc4 {[%clk 1:00:17]} Qd8 {[%clk 0:19:00]} 17.
Nxd6 {[%clk 0:41:44]} Qc7 {[%clk 0:18:12]} 18. Qd3 {[%clk 0:36:04]} e5 {[%clk
0:16:10]} 19. Nb5 {[%clk 0:35:57]} Qc8 {[%clk 0:14:20]} 20. Bd2 {[%clk 0:35:08]}
Rd8 {[%clk 0:08:44]} 21. Qf3 {[%clk 0:33:59]} a4 {[%clk 0:06:38]} 22. Be3 {[%clk
0:27:06]} a3 {[%clk 0:06:16]} 23. bxa3 {[%clk 0:27:18]} Nd4 {[%clk 0:03:08]} 24.
cxd4 {[%clk 0:25:48]} exd4 {[%clk 0:02:52]} 25. Rc1 {[%clk 0:24:56]} Qe6 {[%clk
0:00:48]} 26. Nc7 {[%clk 0:22:18]} Qxa2 {[%clk 0:00:47]} 27. Nxa8 {[%clk
0:19:24]} dxe3 {[%clk 0:00:58]} 28. fxe3 {[%clk 0:19:19]} Qxa3 {[%clk 0:00:37]}
29. Kf2 {[%clk 0:19:06]} Bd7 {[%clk 0:00:39]} 30. Nb6 {[%clk 0:18:48]} Bc6 {[%clk
0:00:42]} 31. Nd5 {[%clk 0:16:21]} Qd6 {[%clk 0:00:41]} 32. Rcd1 {[%clk 0:15:58]}
1-0

[Event "Irena Warakomska Memorial 2019"]
[Site "Suwalki"]
[Date "2019.08.05"]
[Round "1"]
[White "Maj, Pawel"]
[Black "Molenda, Marcin"]
[Result "1/2-1/2"]
[Board "32"]
[WhiteElo "2139"]
[WhiteCountry "POL"]
[WhiteFideId "21818290"]
[WhiteEloChange "6"]
[BlackElo "2387"]
[BlackTitle "FM"]
[BlackCountry "POL"]
[BlackFideId "1173065"]
[BlackEloChange "-6"]

1. c4 {[%clk 1:30:56]} b6 {[%clk 1:30:44]} 2. g3 {[%clk 1:29:52]} Bb7 {[%clk
1:31:05]} 3. Nf3 {[%clk 1:30:17]} g6 {[%clk 1:28:59]} 4. Bg2 {[%clk 1:30:27]} Bg7
{[%clk 1:29:23]} 5. d4 {[%clk 1:29:53]} Nf6 {[%clk 1:29:22]} 6. O-O {[%clk
1:29:35]} O-O {[%clk 1:29:42]} 7. Nc3 {[%clk 1:29:18]} e6 {[%clk 1:27:01]} 8. Bf4
{[%clk 1:24:02]} d6 {[%clk 1:19:38]} 9. Qd3 {[%clk 1:17:10]} Nbd7 {[%clk
1:14:13]} 10. Rfd1 {[%clk 1:10:42]} Qe7 {[%clk 1:11:42]} 11. e4 {[%clk 1:02:50]}
e5 {[%clk 1:08:48]} 12. dxe5 {[%clk 1:00:10]} dxe5 {[%clk 1:08:12]} 13. Bg5
{[%clk 0:59:14]} Nc5 {[%clk 1:01:47]} 14. Qe2 {[%clk 0:58:21]} c6 {[%clk
0:59:39]} 15. Ne1 {[%clk 0:51:32]} Ne6 {[%clk 0:55:34]} 16. Be3 {[%clk 0:50:57]}
Rfd8 {[%clk 0:54:27]} 17. Nc2 {[%clk 0:46:33]} Ne8 {[%clk 0:54:27]} 18. f3 {[%clk
0:44:18]} N8c7 {[%clk 0:38:46]} 19. Qf2 {[%clk 0:42:33]} Na6 {[%clk 0:39:00]} 20.
Bh3 {[%clk 0:38:29]} Bf6 {[%clk 0:29:52]} 21. Bxe6 {[%clk 0:33:55]} Qxe6 {[%clk
0:29:56]} 22. b3 {[%clk 0:33:44]} Be7 {[%clk 0:27:50]} 23. Rxd8+ {[%clk 0:25:10]}
Rxd8 {[%clk 0:28:13]} 24. Rd1 {[%clk 0:25:14]} Re8 {[%clk 0:28:08]} 25. Kg2
{[%clk 0:23:09]} Bc8 {[%clk 0:28:26]} 26. Qe2 {[%clk 0:20:08]} Kg7 {[%clk
0:27:03]} 27. Ne1 {[%clk 0:17:12]} Nc5 {[%clk 0:24:40]} 28. Nd3 {[%clk 0:16:45]}
Nxd3 {[%clk 0:24:04]} 29. Rxd3 {[%clk 0:16:58]} Rd8 {[%clk 0:11:53]} 30. Rxd8
{[%clk 0:15:56]} Bxd8 {[%clk 0:12:17]} 31. Qd2 {[%clk 0:15:46]} Be7 {[%clk
0:11:59]} 32. Nd1 {[%clk 0:15:32]} f6 {[%clk 0:12:04]} 33. Nf2 {[%clk 0:15:52]}
h5 {[%clk 0:11:47]} 34. Bh6+ {[%clk 0:12:38]} Kf7 {[%clk 0:12:05]} 35. Be3 {[%clk
0:13:04]} Qd7 {[%clk 0:10:49]} 36. Qxd7 {[%clk 0:13:17]} Bxd7 {[%clk 0:11:14]}
37. Nd3 {[%clk 0:13:10]} g5 {[%clk 0:10:42]} 38. h3 {[%clk 0:12:25]} g4 {[%clk
0:09:43]} 39. hxg4 {[%clk 0:12:47]} hxg4 {[%clk 0:10:09]} 40. f4 {[%clk 0:42:29]}
exf4 {[%clk 0:37:29]} 41. gxf4 {[%clk 0:42:44]} Bd6 {[%clk 0:37:38]} 42. f5
{[%clk 0:41:28]} c5 {[%clk 0:37:21]} 43. Bf4 {[%clk 0:35:55]} Bc6 {[%clk
0:34:22]} 1/2-1/2

[Event "Irena Warakomska Memorial 2019"]
[Site "Suwalki"]
[Date "2019.08.05"]
[Round "1"]
[White "Karavade, Eesha"]
[Black "Suliborski, Jakub"]
[Result "1/2-1/2"]
[Board "33"]
[WhiteElo "2355"]
[WhiteTitle "IM"]
[WhiteCountry "IND"]
[WhiteFideId "5012600"]
[WhiteEloChange "-6"]
[BlackElo "2132"]
[BlackCountry "POL"]
[BlackFideId "1135651"]
[BlackEloChange "6"]

1. d4 {[%clk 1:30:42]} Nf6 {[%clk 1:30:46]} 2. c4 {[%clk 1:30:41]} e6 {[%clk
1:30:57]} 3. g3 {[%clk 1:29:41]} c5 {[%clk 1:29:29]} 4. d5 {[%clk 1:28:37]} exd5
{[%clk 1:28:18]} 5. cxd5 {[%clk 1:29:03]} b5 {[%clk 1:28:41]} 6. Bg2 {[%clk
1:26:27]} d6 {[%clk 1:27:15]} 7. a4 {[%clk 1:24:26]} b4 {[%clk 1:26:32]} 8. Nd2
{[%clk 1:24:49]} g6 {[%clk 1:25:17]} 9. Nc4 {[%clk 1:24:31]} Ba6 {[%clk 1:25:33]}
10. Qc2 {[%clk 1:23:06]} Bg7 {[%clk 1:25:02]} 11. Nf3 {[%clk 1:17:41]} Bxc4
{[%clk 1:19:10]} 12. Qxc4 {[%clk 1:18:06]} O-O {[%clk 1:19:31]} 13. O-O {[%clk
1:18:14]} Nbd7 {[%clk 1:17:58]} 14. a5 {[%clk 1:13:09]} Re8 {[%clk 1:15:36]} 15.
Nd2 {[%clk 1:13:02]} Ne5 {[%clk 1:13:16]} 16. Qb3 {[%clk 1:13:24]} g5 {[%clk
1:08:53]} 17. h3 {[%clk 1:10:33]} Ng6 {[%clk 1:05:55]} 18. Nc4 {[%clk 1:08:47]}
h6 {[%clk 1:03:44]} 19. Qc2 {[%clk 1:07:23]} Qe7 {[%clk 1:02:48]} 20. Re1 {[%clk
1:07:05]} Rad8 {[%clk 0:59:53]} 21. Ne3 {[%clk 1:04:43]} Qe5 {[%clk 0:56:04]} 22.
Nc4 {[%clk 1:02:24]} Qe7 {[%clk 0:56:27]} 23. Ne3 {[%clk 1:02:49]} Qe5 {[%clk
0:56:53]} 24. Nc4 {[%clk 0:36:23]} Qe7 {[%clk 0:56:53]} 1/2-1/2

[Event "Irena Warakomska Memorial 2019"]
[Site "Suwalki"]
[Date "2019.08.05"]
[Round "1"]
[White "Luba, Lukasz"]
[Black "Lewtak, Damian"]
[Result "0-1"]
[Board "34"]
[WhiteElo "2130"]
[WhiteCountry "POL"]
[WhiteFideId "1117289"]
[WhiteEloChange "-4"]
[BlackElo "2354"]
[BlackTitle "FM"]
[BlackCountry "POL"]
[BlackFideId "1141724"]
[BlackEloChange "4"]

1. d4 {[%clk 1:30:49]} Nf6 {[%clk 1:30:54]} 2. e3 {[%clk 1:30:49]} g6 {[%clk
1:29:56]} 3. Bd3 {[%clk 1:30:25]} Bg7 {[%clk 1:29:40]} 4. Nd2 {[%clk 1:30:24]} d6
{[%clk 1:29:08]} 5. c3 {[%clk 1:29:24]} Nc6 {[%clk 1:28:26]} 6. Qb3 {[%clk
1:26:01]} e5 {[%clk 1:24:59]} 7. d5 {[%clk 1:23:00]} Ne7 {[%clk 1:25:07]} 8. e4
{[%clk 1:20:12]} O-O {[%clk 1:24:17]} 9. Nf1 {[%clk 1:17:08]} c6 {[%clk 1:21:44]}
10. c4 {[%clk 1:14:41]} Nd7 {[%clk 1:15:22]} 11. Be3 {[%clk 1:14:50]} b6 {[%clk
1:05:33]} 12. h4 {[%clk 1:09:44]} Nc5 {[%clk 1:02:05]} 13. Bxc5 {[%clk 1:07:34]}
bxc5 {[%clk 1:02:29]} 14. h5 {[%clk 1:06:58]} Qa5+ {[%clk 0:53:52]} 15. Qc3
{[%clk 1:03:58]} Qxc3+ {[%clk 0:53:11]} 16. bxc3 {[%clk 1:04:20]} Ba6 {[%clk
0:53:05]} 17. hxg6 {[%clk 1:03:38]} cxd5 {[%clk 0:40:43]} 18. gxh7+ {[%clk
0:43:58]} Kh8 {[%clk 0:41:06]} 19. g4 {[%clk 0:43:20]} dxc4 {[%clk 0:35:49]} 20.
Bc2 {[%clk 0:42:04]} d5 {[%clk 0:31:35]} 21. Ng3 {[%clk 0:41:06]} d4 {[%clk
0:30:19]} 22. Nf3 {[%clk 0:36:40]} Rab8 {[%clk 0:25:57]} 23. Nh5 {[%clk 0:30:43]}
Ng6 {[%clk 0:23:57]} 24. a4 {[%clk 0:26:51]} Bc8 {[%clk 0:21:10]} 25. Nd2 {[%clk
0:20:40]} Be6 {[%clk 0:18:34]} 26. Nxg7 {[%clk 0:14:12]} Kxg7 {[%clk 0:18:58]}
27. f3 {[%clk 0:13:37]} Rh8 {[%clk 0:10:40]} 28. Rb1 {[%clk 0:12:39]} d3 {[%clk
0:06:57]} 29. Bd1 {[%clk 0:12:55]} Rxb1 {[%clk 0:03:47]} 30. Nxb1 {[%clk
0:13:18]} Rb8 {[%clk 0:03:19]} 31. Nd2 {[%clk 0:13:28]} a5 {[%clk 0:02:46]} 32.
Rh5 {[%clk 0:13:07]} f6 {[%clk 0:02:03]} 33. Nf1 {[%clk 0:12:07]} Rb2 {[%clk
0:00:58]} 34. Ne3 {[%clk 0:09:29]} Rb8 {[%clk 0:00:39]} 35. Ng2 {[%clk 0:05:59]}
Rh8 {[%clk 0:00:56]} 36. f4 {[%clk 0:05:56]} exf4 {[%clk 0:00:48]} 37. Rxc5
{[%clk 0:06:13]} Rxh7 {[%clk 0:00:59]} 38. Rh5 {[%clk 0:03:20]} Kg8 {[%clk
0:00:46]} 39. Kf2 {[%clk 0:03:29]} Rb7 {[%clk 0:00:42]} 40. Rb5 {[%clk 0:33:17]}
Rh7 {[%clk 0:30:35]} 41. Rh5 {[%clk 0:31:49]} Ne5 {[%clk 0:22:38]} 42. Rxh7
{[%clk 0:25:53]} Kxh7 {[%clk 0:22:49]} 43. Nxf4 {[%clk 0:26:10]} Bxg4 {[%clk
0:21:28]} 44. Bxg4 {[%clk 0:26:17]} Nxg4+ {[%clk 0:21:52]} 45. Kf3 {[%clk
0:26:32]} Ne5+ {[%clk 0:18:08]} 46. Ke3 {[%clk 0:26:58]} Kg7 {[%clk 0:15:13]} 47.
Nd5 {[%clk 0:22:30]} Kf7 {[%clk 0:15:16]} 48. Kd4 {[%clk 0:22:43]} Ng4 {[%clk
0:14:46]} 0-1

[Event "Irena Warakomska Memorial 2019"]
[Site "Suwalki"]
[Date "2019.08.05"]
[Round "1"]
[White "Kowalski, Igor"]
[Black "Dmochowska, Agnieszka"]
[Result "1-0"]
[Board "35"]
[WhiteElo "2344"]
[WhiteTitle "FM"]
[WhiteCountry "POL"]
[WhiteFideId "1172468"]
[WhiteEloChange "4"]
[BlackElo "2126"]
[BlackTitle "WFM"]
[BlackCountry "POL"]
[BlackFideId "1142984"]
[BlackEloChange "-4"]

1. d4 {[%clk 1:30:59]} Nf6 {[%clk 1:30:54]} 2. c4 {[%clk 1:31:26]} e6 {[%clk
1:31:18]} 3. Nc3 {[%clk 1:31:52]} Bb4 {[%clk 1:31:44]} 4. Qc2 {[%clk 1:32:19]}
Nc6 {[%clk 1:32:08]} 5. Nf3 {[%clk 1:32:44]} d6 {[%clk 1:32:24]} 6. Bd2 {[%clk
1:32:53]} e5 {[%clk 1:32:31]} 7. d5 {[%clk 1:33:17]} Bxc3 {[%clk 1:32:55]} 8.
Bxc3 {[%clk 1:33:42]} Ne7 {[%clk 1:33:19]} 9. e4 {[%clk 1:33:40]} O-O {[%clk
1:33:43]} 10. Be2 {[%clk 1:30:48]} Ne8 {[%clk 1:33:06]} 11. Nd2 {[%clk 1:29:52]}
f5 {[%clk 1:31:27]} 12. O-O-O {[%clk 1:26:44]} Nf6 {[%clk 1:19:53]} 13. f3 {[%clk
1:23:45]} fxe4 {[%clk 1:15:14]} 14. Nxe4 {[%clk 1:23:47]} Ng6 {[%clk 1:09:24]}
15. g3 {[%clk 1:23:51]} Nxe4 {[%clk 1:03:19]} 16. Qxe4 {[%clk 1:22:36]} Bf5
{[%clk 1:03:26]} 17. Qe3 {[%clk 1:23:01]} Qe8 {[%clk 1:02:45]} 18. b3 {[%clk
1:22:18]} a6 {[%clk 0:59:33]} 19. h4 {[%clk 1:22:22]} b5 {[%clk 0:58:39]} 20. h5
{[%clk 1:22:01]} Ne7 {[%clk 0:58:54]} 21. h6 {[%clk 1:09:33]} Bg6 {[%clk
0:53:58]} 22. hxg7 {[%clk 1:09:28]} Kxg7 {[%clk 0:52:46]} 23. f4 {[%clk 1:08:36]}
Nf5 {[%clk 0:52:08]} 24. Qg1 {[%clk 1:08:14]} Kg8 {[%clk 0:51:50]} 25. g4 {[%clk
1:07:46]} Nd4 {[%clk 0:50:02]} 26. Rxd4 {[%clk 1:07:46]} exd4 {[%clk 0:49:40]}
27. Qxd4 {[%clk 1:08:12]} Qe7 {[%clk 0:38:28]} 28. f5 {[%clk 1:08:14]} Qe5 {[%clk
0:36:24]} 29. fxg6 {[%clk 1:07:21]} hxg6 {[%clk 0:30:37]} 30. Qd2 {[%clk
1:06:34]} Qg3 {[%clk 0:27:38]} 31. Bd4 {[%clk 1:03:29]} Kf7 {[%clk 0:24:26]} 32.
Rh7+ {[%clk 0:58:28]} Ke8 {[%clk 0:24:44]} 33. Rxc7 {[%clk 0:57:35]} bxc4 {[%clk
0:22:46]} 34. Bxc4 {[%clk 0:56:47]} Qf4 {[%clk 0:23:00]} 35. Rg7 {[%clk 0:55:14]}
Rd8 {[%clk 0:16:34]} 36. Rxg6 {[%clk 0:55:11]} Qxd2+ {[%clk 0:16:55]} 37. Kxd2
{[%clk 0:55:37]} Rf4 {[%clk 0:16:57]} 38. Ke3 {[%clk 0:55:14]} 1-0

[Event "Irena Warakomska Memorial 2019"]
[Site "Suwalki"]
[Date "2019.08.05"]
[Round "1"]
[White "Praczukowski, Stanislaw"]
[Black "Punin, Andrii"]
[Result "1/2-1/2"]
[Board "36"]
[WhiteElo "2126"]
[WhiteCountry "POL"]
[WhiteFideId "1182730"]
[WhiteEloChange "6"]
[BlackElo "2342"]
[BlackTitle "FM"]
[BlackCountry "UKR"]
[BlackFideId "14112639"]
[BlackEloChange "-6"]

1. e4 {[%clk 1:30:57]} c6 {[%clk 1:30:51]} 2. d4 {[%clk 1:31:20]} d5 {[%clk
1:31:15]} 3. exd5 {[%clk 1:31:37]} cxd5 {[%clk 1:31:39]} 4. Bd3 {[%clk 1:32:03]}
Nc6 {[%clk 1:31:58]} 5. c3 {[%clk 1:32:22]} Qc7 {[%clk 1:32:19]} 6. Ne2 {[%clk
1:32:33]} Bg4 {[%clk 1:32:40]} 7. O-O {[%clk 1:32:29]} Bh5 {[%clk 1:33:03]} 8. f4
{[%clk 1:32:29]} e6 {[%clk 1:33:24]} 9. f5 {[%clk 1:30:55]} Bd6 {[%clk 1:28:28]}
10. fxe6 {[%clk 1:27:18]} Bxh2+ {[%clk 1:27:45]} 11. Kh1 {[%clk 1:27:37]} fxe6
{[%clk 1:13:44]} 12. Qe1 {[%clk 1:26:29]} Bg6 {[%clk 1:11:12]} 13. Bf4 {[%clk
1:24:30]} Bxf4 {[%clk 1:09:24]} 14. Nxf4 {[%clk 1:24:55]} Bxd3 {[%clk 1:03:09]}
15. Qxe6+ {[%clk 1:24:52]} Qe7 {[%clk 1:03:10]} 16. Qxe7+ {[%clk 1:25:16]} Kxe7
{[%clk 1:00:50]} 17. Nxd3 {[%clk 1:25:40]} Nf6 {[%clk 1:01:09]} 18. Nd2 {[%clk
1:25:02]} Rhf8 {[%clk 0:56:01]} 19. Rae1+ {[%clk 1:21:09]} Kd6 {[%clk 0:48:52]}
20. Nc5 {[%clk 1:12:41]} Nd8 {[%clk 0:48:53]} 21. Rf5 {[%clk 0:55:33]} b6 {[%clk
0:48:13]} 22. Nd3 {[%clk 0:55:12]} Ne6 {[%clk 0:44:15]} 23. Rfe5 {[%clk 0:44:37]}
Rae8 {[%clk 0:41:06]} 24. Kg1 {[%clk 0:44:01]} Ng4 {[%clk 0:34:39]} 25. R5e2
{[%clk 0:43:11]} Nc7 {[%clk 0:34:23]} 26. Ne5 {[%clk 0:40:58]} Nxe5 {[%clk
0:30:00]} 27. dxe5+ {[%clk 0:35:05]} Kc6 {[%clk 0:28:05]} 28. Nf3 {[%clk
0:40:09]} Ne6 {[%clk 0:27:47]} 29. Rd2 {[%clk 0:35:44]} Rf4 {[%clk 0:24:03]} 30.
Red1 {[%clk 0:34:21]} Nc7 {[%clk 0:24:01]} 31. Re2 {[%clk 0:23:44]} Ne6 {[%clk
0:21:19]} 32. Red2 {[%clk 0:22:02]} Nc7 {[%clk 0:20:37]} 33. Rd4 {[%clk 0:17:09]}
Rxd4 {[%clk 0:17:36]} 34. Rxd4 {[%clk 0:16:16]} Ne6 {[%clk 0:16:08]} 35. Rd2
{[%clk 0:14:16]} Rf8 {[%clk 0:08:54]} 36. Kh2 {[%clk 0:10:34]} Rf4 {[%clk
0:08:17]} 37. Kg3 {[%clk 0:09:33]} Re4 {[%clk 0:08:30]} 38. b3 {[%clk 0:06:55]}
a5 {[%clk 0:06:17]} 39. Nd4+ {[%clk 0:05:12]} Nxd4 {[%clk 0:06:17]} 40. cxd4
{[%clk 0:35:34]} Kd7 {[%clk 0:36:38]} 41. Kf3 {[%clk 0:33:00]} h5 {[%clk
0:36:38]} 42. g3 {[%clk 0:30:45]} g6 {[%clk 0:33:36]} 43. Kf2 {[%clk 0:29:37]}
Ke6 {[%clk 0:28:36]} 44. Kf3 {[%clk 0:29:37]} g5 {[%clk 0:28:36]} 45. Kf2 {[%clk
0:29:37]} b5 {[%clk 0:28:36]} 46. Kf3 {[%clk 0:29:37]} b4 {[%clk 0:25:48]} 47.
Kf2 {[%clk 0:29:23]} Rg4 {[%clk 0:24:04]} 48. Kf3 {[%clk 0:28:45]} Re4 {[%clk
0:24:29]} 49. Kf2 {[%clk 0:28:45]} Rg4 {[%clk 0:24:29]} 50. Kf3 {[%clk 0:28:45]}
Re4 {[%clk 0:24:29]} 1/2-1/2

[Event "Irena Warakomska Memorial 2019"]
[Site "Suwalki"]
[Date "2019.08.05"]
[Round "1"]
[White "Advait, Bagri"]
[Black "Wiewiora, Eneasz"]
[Result "0-1"]
[Board "40"]
[WhiteElo "2079"]
[WhiteTitle "CM"]
[WhiteCountry "SGP"]
[WhiteFideId "5820391"]
[WhiteEloChange "-4"]
[BlackElo "2331"]
[BlackTitle "FM"]
[BlackCountry "POL"]
[BlackFideId "1140396"]
[BlackEloChange "4"]

1. e4 {[%clk 1:20:49]} d6 {[%clk 1:25:42]} 2. d4 {[%clk 1:21:10]} Nf6 {[%clk
1:26:09]} 3. Nc3 {[%clk 1:21:30]} e5 {[%clk 1:26:35]} 4. Nf3 {[%clk 1:21:49]}
Nbd7 {[%clk 1:26:58]} 5. Bc4 {[%clk 1:21:59]} Be7 {[%clk 1:27:24]} 6. O-O {[%clk
1:22:15]} O-O {[%clk 1:27:48]} 7. Re1 {[%clk 1:22:33]} c6 {[%clk 1:28:15]} 8. a4
{[%clk 1:22:50]} b6 {[%clk 1:28:42]} 9. dxe5 {[%clk 1:21:46]} Nxe5 {[%clk
1:22:35]} 10. Nxe5 {[%clk 1:21:39]} dxe5 {[%clk 1:23:01]} 11. Qe2 {[%clk
1:16:01]} h6 {[%clk 1:18:22]} 12. h3 {[%clk 1:14:36]} Bb4 {[%clk 1:11:47]} 13.
Be3 {[%clk 1:05:25]} Qe7 {[%clk 1:08:39]} 14. Qf3 {[%clk 1:01:10]} Be6 {[%clk
1:03:23]} 15. Bxe6 {[%clk 1:00:03]} Qxe6 {[%clk 1:03:37]} 16. Red1 {[%clk
0:58:57]} Bxc3 {[%clk 1:01:16]} 17. bxc3 {[%clk 0:59:17]} c5 {[%clk 0:54:29]} 18.
a5 {[%clk 0:54:06]} Rfd8 {[%clk 0:33:35]} 19. axb6 {[%clk 0:48:10]} axb6 {[%clk
0:32:47]} 20. Rxd8+ {[%clk 0:48:26]} Rxd8 {[%clk 0:33:13]} 21. Qf5 {[%clk
0:48:43]} Re8 {[%clk 0:15:47]} 22. Qxe6 {[%clk 0:47:57]} Rxe6 {[%clk 0:16:13]}
23. f3 {[%clk 0:47:19]} Rd6 {[%clk 0:16:15]} 24. c4 {[%clk 0:43:26]} h5 {[%clk
0:09:08]} 25. g4 {[%clk 0:41:33]} hxg4 {[%clk 0:09:29]} 26. hxg4 {[%clk 0:41:55]}
Nd7 {[%clk 0:04:21]} 27. Kf2 {[%clk 0:40:54]} f6 {[%clk 0:04:39]} 28. Ke2 {[%clk
0:39:13]} Nf8 {[%clk 0:03:52]} 29. Ra6 {[%clk 0:36:02]} Ne6 {[%clk 0:03:56]} 30.
c3 {[%clk 0:36:23]} g5 {[%clk 0:02:22]} 31. Ra7 {[%clk 0:33:15]} Nf8 {[%clk
0:02:30]} 32. Ra6 {[%clk 0:31:49]} Nd7 {[%clk 0:02:46]} 33. Bf2 {[%clk 0:31:27]}
Kf7 {[%clk 0:03:02]} 34. Be3 {[%clk 0:31:46]} Ke7 {[%clk 0:03:00]} 35. Ra7 {[%clk
0:31:42]} Kd8 {[%clk 0:03:18]} 36. Ra8+ {[%clk 0:31:53]} Kc7 {[%clk 0:03:36]} 37.
Ra1 {[%clk 0:25:55]} Nb8 {[%clk 0:03:34]} 38. Ra7+ {[%clk 0:22:48]} Kc8 {[%clk
0:03:50]} 39. Ra8 {[%clk 0:20:03]} Kb7 {[%clk 0:04:05]} 40. Ra1 {[%clk 0:50:24]}
Nc6 {[%clk 0:34:29]} 41. Rb1 {[%clk 0:48:40]} Kc7 {[%clk 0:32:47]} 42. Ra1 {[%clk
0:47:46]} Rd8 {[%clk 0:32:55]} 43. Bf2 {[%clk 0:47:12]} Rh8 {[%clk 0:26:18]} 44.
Bg3 {[%clk 0:44:46]} Na5 {[%clk 0:25:57]} 45. Ra4 {[%clk 0:44:33]} Rh1 {[%clk
0:24:00]} 46. Bf2 {[%clk 0:44:57]} Kc6 {[%clk 0:23:48]} 47. Be1 {[%clk 0:45:19]}
Rh8 {[%clk 0:17:13]} 48. Bf2 {[%clk 0:45:33]} Nxc4 {[%clk 0:14:01]} 49. Ra7
{[%clk 0:44:33]} Rd8 {[%clk 0:13:42]} 50. Rf7 {[%clk 0:44:41]} Rd2+ {[%clk
0:13:55]} 51. Ke1 {[%clk 0:44:48]} Rd6 {[%clk 0:14:20]} 52. Rf8 {[%clk 0:44:51]}
Kb5 {[%clk 0:14:43]} 53. Ra8 {[%clk 0:44:54]} Nb2 {[%clk 0:10:32]} 54. Ke2 {[%clk
0:44:31]} Kc4 {[%clk 0:08:39]} 55. Rc8 {[%clk 0:44:39]} Na4 {[%clk 0:08:23]} 0-1

[Event "Irena Warakomska Memorial 2019"]
[Site "Suwalki"]
[Date "2019.08.05"]
[Round "1"]
[White "Paszewski, Mateusz"]
[Black "Lis, Mateusz"]
[Result "1/2-1/2"]
[Board "41"]
[WhiteElo "2329"]
[WhiteTitle "FM"]
[WhiteCountry "POL"]
[WhiteFideId "1141058"]
[WhiteEloChange "-6"]
[BlackElo "2079"]
[BlackCountry "POL"]
[BlackFideId "1184733"]
[BlackEloChange "6"]

1. Nf3 {[%clk 1:30:52]} Nf6 {[%clk 1:30:29]} 2. g3 {[%clk 1:31:18]} d5 {[%clk
1:29:39]} 3. Bg2 {[%clk 1:31:40]} e6 {[%clk 1:29:01]} 4. O-O {[%clk 1:32:01]} Bd6
{[%clk 1:29:26]} 5. c4 {[%clk 1:26:55]} O-O {[%clk 1:26:58]} 6. b3 {[%clk
1:25:04]} Nbd7 {[%clk 1:26:50]} 7. Bb2 {[%clk 1:24:12]} b6 {[%clk 1:27:02]} 8.
Nc3 {[%clk 1:22:19]} Bb7 {[%clk 1:24:19]} 9. e3 {[%clk 1:21:02]} c5 {[%clk
1:14:11]} 10. cxd5 {[%clk 1:19:18]} Nxd5 {[%clk 1:06:17]} 11. Nxd5 {[%clk
1:13:32]} Bxd5 {[%clk 1:06:05]} 12. d4 {[%clk 1:13:51]} Nf6 {[%clk 1:00:49]} 13.
Rc1 {[%clk 1:04:55]} Rc8 {[%clk 0:59:20]} 14. Qe2 {[%clk 0:59:31]} Qe7 {[%clk
0:46:09]} 15. Qa6 {[%clk 0:57:10]} Bb7 {[%clk 0:39:29]} 16. Qe2 {[%clk 0:54:28]}
Rfd8 {[%clk 0:39:10]} 17. Rfd1 {[%clk 0:52:32]} h6 {[%clk 0:37:08]} 18. dxc5
{[%clk 0:46:17]} Bxc5 {[%clk 0:29:48]} 19. Ne5 {[%clk 0:43:21]} Bxg2 {[%clk
0:20:32]} 20. Kxg2 {[%clk 0:43:43]} Nd7 {[%clk 0:20:09]} 21. Nxd7 {[%clk
0:21:31]} Rxd7 {[%clk 0:20:35]} 22. Qg4 {[%clk 0:21:54]} f5 {[%clk 0:17:56]} 23.
Qg6 {[%clk 0:18:27]} Rcd8 {[%clk 0:16:48]} 24. Rxd7 {[%clk 0:10:55]} Qxd7 {[%clk
0:17:13]} 25. Kg1 {[%clk 0:06:11]} Bf8 {[%clk 0:17:12]} 26. Bd4 {[%clk 0:05:15]}
Rc8 {[%clk 0:15:54]} 27. Rxc8 {[%clk 0:04:19]} Qxc8 {[%clk 0:16:20]} 28. h4
{[%clk 0:03:35]} Qd7 {[%clk 0:15:48]} 29. Kh2 {[%clk 0:02:49]} Bc5 {[%clk
0:14:12]} 30. Be5 {[%clk 0:02:00]} a5 {[%clk 0:13:40]} 31. h5 {[%clk 0:01:48]}
Bf8 {[%clk 0:13:32]} 32. Bd4 {[%clk 0:01:36]} Bc5 {[%clk 0:13:47]} 33. Be5 {[%clk
0:02:03]} Bf8 {[%clk 0:14:12]} 34. Bd4 {[%clk 0:02:07]} Bc5 {[%clk 0:14:36]}
1/2-1/2